Rapport du comité : Fonderie, et travail des metaux

Gardado en:
Detalles Bibliográficos
Formato: Libro
Idioma:Undetermined
Publicado: Paris La Documentation Francaise 1971
Những chủ đề:
Các nhãn: Engadir etiqueta
Sen Etiquetas, Sexa o primeiro en etiquetar este rexistro!
Thư viện lưu trữ: Trung tâm Học liệu Trường Đại học Cần Thơ
LEADER 00471nam a2200169Ia 4500
001 CTU_82925
008 210402s9999 xx 000 0 und d
082 |a 338.4 
082 |b F653 
245 0 |a Rapport du comité : 
245 0 |b Fonderie, et travail des metaux 
260 |a Paris 
260 |b La Documentation Francaise 
260 |c 1971 
650 |a Production concentration 
904 |i Qhieu(sửa) 
980 |a Trung tâm Học liệu Trường Đại học Cần Thơ